[Event "Neckar op-C 12th"]
[Site "Deizisau"]
[Date "2008.03.22"]
[Round "5"]
[White "Dlapka, Werner"]
[Black "Ress, Jochen"]
[Result "1/2-1/2"]
[WhiteElo "1209"]
[BlackElo "1228"]
[PlyCount "84"]
[EventDate "2008.03.20"]
[EventType "swiss"]
[EventRounds "9"]
[EventCountry "GER"]
[SourceTitle "CBM 123 Extra"]
[Source "ChessBase"]
[SourceDate "2008.05.06"]
[SourceVersion "1"]
[SourceVersionDate "2008.05.06"]
[SourceQuality "1"]

1. d4 Nf6 2. Nd2 d6 3. c3 g6 4. g3 Bg7 5. Nh3 0-0 6. Bg2 c6 7. Nf4 e5 8. dxe5 dxe5 9. Nd3 Ne8 10. 0-0 Nd6 11. Re1 Re8 12. Nc5 Qe7 13. Qb3 Be6 14. Nxe6 Qxe6 15. Qb4 Nd7 16. Qh4 Bf6 17. Qh3 Qxh3 18. Bxh3 Nc5 19. Nf3 Ne6 20. Be3 Nc4 21. Bc1 Rad8 22. b3 Nd6 23. e4 Nc5 24. Ng5 Nd3 25. Bd2 Nxe1 26. Rxe1 Nb5 27. Nf3 Rxd2 28. Nxd2 Nxc3 29. a4 Rd8 30. Nc4 Rd1 31. Rxd1 Nxd1 32. Nd6 Nc3 33. f3 b5 34. a5 Be7 35. Nc8 Bb4 36. a6 Bc5+ 37. Kf1 Be3 38. Bd7 Na2 39. Bxc6 b4 40. Bd5 Kf8 41. h4 Bc5 42. Ke2 h6 1/2-1/2

[Event "Stuttgart-chB int"]
[Site "Gerlingen"]
[Date "2007.05.18"]
[Round "3"]
[White "Lebeda, Timo"]
[Black "Ress, Jochen"]
[Result "1/2-1/2"]
[WhiteElo "1653"]
[BlackElo "1249"]
[PlyCount "132"]
[EventDate "2007.05.17"]
[EventType "swiss"]
[EventRounds "7"]
[EventCountry "GER"]
[SourceTitle "EXT 2018"]
[Source "ChessBase"]
[SourceDate "2017.10.13"]
[SourceVersion "1"]
[SourceVersionDate "2017.10.13"]
[SourceQuality "1"]

1. c4 Nf6 2. Nc3 g6 3. g3 Bg7 4. Bg2 e5 5. Nf3 Nc6 6. d3 d6 7. 0-0 0-0 8. Be3 Re8 9. Qd2 Ng4 10. Bg5 f6 11. Be3 Nxe3 12. Qxe3 Be6 13. Rab1 Ne7 14. Qd2 c6 15. b4 d5 16. cxd5 cxd5 17. d4 e4 18. Ne1 f5 19. e3 Bd7 20. Nc2 Rc8 21. Rfc1 b5 22. Na1 Rc7 23. Nb3 Nc8 24. Nxd5 Rxc1+ 25. Rxc1 Be6 26. Nc7 Re7 27. Nxe6 Rxe6 28. Bf1 a6 29. Rc2 Bf8 30. a3 Nb6 31. Nc5 Bxc5 32. dxc5 Qxd2 33. Rxd2 Na4 34. Rd6 Rxd6 35. cxd6 Nb6 36. Bg2 Kf7 37. f3 exf3 38. Bxf3 Ke6 39. Bb7 Kxd6 40. Bxa6 Kc6 41. Kf2 Nd7 42. Bc8 Nf8 43. a4 bxa4 44. Ba6 Kd5 45. Ke2 Nd7 46. Bb5 Nb6 47. Kd3 a3 48. Kc3 Ke4 49. Kb3 a2 50. Bc6+ Kxe3 51. Kxa2 Kf2 52. Kb3 Kg1 53. h3 Kh2 54. g4 f4 55. b5 Kxh3 56. Kb4 Kxg4 57. Kc5 f3 58. Bxf3+ Kxf3 59. Kxb6 g5 60. Ka5 g4 61. b6 g3 62. b7 g2 63. b8Q g1Q 64. Qf8+ Kg2 65. Qg7+ Kh1 66. Qxh7+ Qh2 1/2-1/2

[Event "Stuttgart-chB int"]
[Site "Gerlingen"]
[Date "2007.05.18"]
[Round "4"]
[White "Ress, Jochen"]
[Black "Boese, Martin"]
[Result "1/2-1/2"]
[WhiteElo "1249"]
[BlackElo "1473"]
[PlyCount "94"]
[EventDate "2007.05.17"]
[EventType "swiss"]
[EventRounds "7"]
[EventCountry "GER"]
[SourceTitle "EXT 2018"]
[Source "ChessBase"]
[SourceDate "2017.10.13"]
[SourceVersion "1"]
[SourceVersionDate "2017.10.13"]
[SourceQuality "1"]

1. c4 Nf6 2. Nc3 d6 3. g3 g6 4. Bg2 Nc6 5. Nf3 e5 6. d3 Bg7 7. 0-0 0-0 8. Ne1 Re8 9. Nc2 Rb8 10. b4 Be6 11. b5 Ne7 12. e4 Qd7 13. Ne3 c6 14. Rb1 cxb5 15. Rxb5 Rec8 16. Na4 Rc6 17. Nd5 Ra6 18. Nb4 Rxa4 19. Qxa4 a6 20. Ra5 Qc8 21. Qd1 Nd7 22. Be3 Nc5 23. d4 Bxc4 24. Re1 b6 25. Ra3 Ne6 26. d5 Nc7 27. Nc6 Nxc6 28. dxc6 Nb5 29. Qc1 Nxa3 30. Qxa3 Qxc6 31. Rc1 b5 32. Bf1 Rc8 33. f3 f5 34. Bh3 Rf8 35. Bg5 Qc5+ 36. Qxc5 dxc5 37. Be7 Rf7 38. Bxc5 fxe4 39. Rxc4 bxc4 40. Be6 exf3 41. Bxc4 Bh6 42. Kf2 Kg7 43. Bxf7 Kxf7 44. Kxf3 Bf8 45. Bxf8 Kxf8 46. Ke4 Kf7 47. Kxe5 Ke7 1/2-1/2

[Event "Stuttgart-chB int"]
[Site "Ditzingen"]
[Date "2006.05.27"]
[Round "5"]
[White "Rix, Michael"]
[Black "Ress, Jochen"]
[Result "1-0"]
[WhiteElo "1860"]
[BlackElo "1371"]
[PlyCount "89"]
[EventDate "2006.05.25"]
[EventType "swiss"]
[EventRounds "7"]
[EventCountry "GER"]
[SourceTitle "EXT 2018"]
[Source "ChessBase"]
[SourceDate "2017.10.13"]
[SourceVersion "1"]
[SourceVersionDate "2017.10.13"]
[SourceQuality "1"]

1. d4 Nf6 2. Nf3 g6 3. c4 d6 4. g3 Bg7 5. Bg2 0-0 6. 0-0 Nbd7 7. Nc3 e5 8. dxe5 Nxe5 9. Nxe5 dxe5 10. Qc2 c6 11. e4 a5 12. Be3 Nd7 13. Rad1 Qe7 14. Na4 Ra6 15. c5 f5 16. exf5 gxf5 17. Rd6 e4 18. Bf4 Ne5 19. Rfd1 Nd3 20. Bf1 Nxf4 21. Bxa6 Nh3+ 22. Kg2 bxa6 23. Kxh3 f4+ 24. Kg2 f3+ 25. Kg1 Be5 26. Rxc6 Qe8 27. Qxe4 Qh5 28. Rxc8 Rxc8 29. Rd3 Rf8 30. Qd5+ Kg7 31. c6 Rf5 32. Qd7+ Rf7 33. Qd5 Rf5 34. Qe4 Qg5 35. Rxf3 Qc1+ 36. Kg2 Rxf3 37. Qxe5+ Rf6 38. c7 Qc6+ 39. Kh3 Qd7+ 40. g4 Kf7 41. Nc5 Rf3+ 42. Kh4 Qc6 43. Ne4 Rxf2 44. Nxf2 Qh6+ 45. Kg3 1-0

[Event "Stuttgart-chB int"]
[Site "Ditzingen"]
[Date "2006.05.26"]
[Round "4"]
[White "Klein, Werner"]
[Black "Ress, Jochen"]
[Result "0-1"]
[WhiteElo "1220"]
[BlackElo "1371"]
[PlyCount "106"]
[EventDate "2006.05.25"]
[EventType "swiss"]
[EventRounds "7"]
[EventCountry "GER"]
[SourceTitle "EXT 2018"]
[Source "ChessBase"]
[SourceDate "2017.10.13"]
[SourceVersion "1"]
[SourceVersionDate "2017.10.13"]
[SourceQuality "1"]

1. e4 c5 2. Nf3 d6 3. Be2 Nf6 4. d3 g6 5. 0-0 Bg7 6. Nc3 e6 7. Bg5 0-0 8. d4 cxd4 9. Nxd4 a6 10. a4 Qc7 11. Qd2 Nbd7 12. f4 Qb6 13. Kh1 Nxe4 14. Nxe4 Qxd4 15. Qxd4 Bxd4 16. c3 d5 17. Nd6 Bg7 18. Nxc8 Raxc8 19. Be7 Rfe8 20. Ba3 Nb6 21. a5 Nc4 22. Bxc4 Rxc4 23. Bb4 Re4 24. Rae1 Rxe1 25. Rxe1 Rc8 26. Re3 d4 27. Rd3 e5 28. fxe5 Bxe5 29. g3 dxc3 30. bxc3 Rc7 31. Kg2 Kg7 32. Kf3 f5 33. h3 Kf6 34. g4 h6 35. h4 fxg4+ 36. Kxg4 Rc4+ 37. Kh3 g5 38. Rf3+ Kg6 39. Re3 g4+ 40. Kg2 Kf5 41. h5 Kf4 42. Rg3 Kg5 43. Re3 Bf4 44. Rd3 Re4 45. Rd5+ Kf6 46. Kf2 Re5 47. Rd7 Rxh5 48. Rd4 Rf5 49. Kg2 h5 50. Rd1 h4 51. Rf1 h3+ 52. Kh1 g3 53. Rg1 g2+ 0-1